[Event "IECG CP.2004.P.00055 email"]
[Site "IECG email"]
[Date "2004.10.01"]
[Round "?"]
[White "Richards, Mike"]
[Black "Coffey, Patrick L"]
[Result "1-0"]
[WhiteElo "1923"]
[BlackElo "1438"]
[PlyCount "27"]
[EventDate "2004.10.01"]
[EventType "tourn (corr)"]
[EventRounds "6"]
[SourceTitle "Corr 2024"]
[Source "ChessBase"]
[SourceDate "2023.10.19"]
[SourceVersion "1"]
[SourceVersionDate "2023.10.19"]
[SourceQuality "1"]

1. d4 Nf6 2. c4 d6 3. Nc3 g6 4. e4 Bg7 5. Be2 0-0 6. Bg5 Nbd7 7. Qd2 Re8 8. f3 c5 9. d5 Qa5 10. Nh3 a6 11. 0-0 b5 12. cxb5 axb5 13. Nxb5 Ba6 14. Qxa5 1-0

[Event "IECG CP.2004.P.00055 email"]
[Site "IECG email"]
[Date "2004.10.01"]
[Round "?"]
[White "Richards, Mike"]
[Black "Szava, Miklos"]
[Result "0-1"]
[WhiteElo "1923"]
[BlackElo "2190"]
[PlyCount "78"]
[EventDate "2004.10.01"]
[EventType "tourn (corr)"]
[EventRounds "6"]
[SourceTitle "Corr 2011"]
[Source "ChessBase"]
[SourceDate "2010.08.31"]
[SourceVersion "1"]
[SourceVersionDate "2010.08.31"]
[SourceQuality "1"]

1. d4 Nf6 2. c4 g6 3. Nc3 d5 4. Bg5 Ne4 5. Bh4 c5 6. cxd5 Nxc3 7. bxc3 Qxd5 8. e3 Nc6 9. Qf3 Qxf3 10. Nxf3 Bg7 11. Bb5 Bd7 12. 0-0 Rc8 13. Rab1 a6 14. Be2 b5 15. a4 bxa4 16. Bxa6 Ra8 17. Bb7 Ra5 18. Rb6 Na7 19. Nd2 Nc8 20. Rbb1 Nd6 21. Bf3 cxd4 22. cxd4 f5 23. Bg3 Be6 24. Bc6+ Kf7 25. Nf3 h6 26. Ne5+ Bxe5 27. Bxe5 Rc8 28. Bxd6 exd6 29. Rfc1 Kf6 30. f3 a3 31. e4 a2 32. Ra1 Rb8 33. h3 Rb2 34. Kh2 Ra3 35. d5 Bf7 36. exf5 Rxf3 37. fxg6 Bxg6 38. Kh1 Rff2 39. Re1 Bf5 0-1

[Event "IECG QB.2003.0.00034 email"]
[Site "IECG email"]
[Date "2003.03.30"]
[Round "?"]
[White "Zhelezny, Andrey"]
[Black "Richards, Mike"]
[Result "1-0"]
[WhiteElo "1758"]
[BlackElo "1827"]
[PlyCount "54"]
[EventDate "2003.04.06"]
[EventType "tourn (corr)"]
[EventRounds "6"]
[SourceTitle "Corr 2008"]
[Source "ChessBase"]
[SourceDate "2008.06.24"]
[SourceVersion "1"]
[SourceVersionDate "2008.06.24"]
[SourceQuality "1"]

1. e4 c5 2. Nf3 Nc6 3. Nc3 g6 4. d4 cxd4 5. Nxd4 Bg7 6. Be3 Nf6 7. Bc4 Qa5 8. 0-0 0-0 9. Nb3 Qc7 10. Qd2 d6 11. Bh6 a6 12. Nd5 Nxd5 13. Bxg7 Kxg7 14. Bxd5 Bd7 15. c4 Rad8 16. Rac1 e6 17. Bxc6 Bxc6 18. Rfe1 e5 19. Rcd1 b6 20. Qd3 Qe7 21. Nd2 Rb8 22. Nf1 Rfd8 23. Ne3 b5 24. cxb5 Rxb5 25. b3 Qe6 26. f3 a5 27. Qc3 Qd7 1-0

[Event "IECG CB.2001.0.00004 email"]
[Site "IECG email"]
[Date "2001.05.14"]
[Round "1"]
[White "Richards, Mike"]
[Black "Perez, Brigiliano"]
[Result "0-1"]
[WhiteElo "1953"]
[BlackElo "1912"]
[PlyCount "96"]
[EventDate "2001.05.14"]
[EventType "tourn (corr)"]
[EventRounds "6"]
[SourceTitle "Corr 2024"]
[Source "ChessBase"]
[SourceDate "2023.10.19"]
[SourceVersion "1"]
[SourceVersionDate "2023.10.19"]
[SourceQuality "1"]

1. d4 d5 2. c4 dxc4 3. Nf3 Nf6 4. e3 e6 5. Bxc4 c5 6. 0-0 a6 7. dxc5 Qxd1 8. Rxd1 Bxc5 9. Nbd2 Nbd7 10. Nb3 Be7 11. Bd2 b6 12. Nfd4 Bb7 13. f3 Rc8 14. Rac1 0-0 15. e4 Rfd8 16. Be3 Nc5 17. Bf1 Kf8 18. g3 Na4 19. Rxc8 Rxc8 20. Rd2 b5 21. h4 Bd8 22. Ne2 Bc7 23. Nf4 Be5 24. Na5 Ba8 25. b3 Nc3 26. b4 Ncxe4 27. fxe4 Nxe4 28. Rd7 Nxg3 29. Bc5+ Kg8 30. Nd3 Bf6 31. Be7 Bc3 32. Nb3 Bc6 33. Rd8+ Rxd8 34. Bxd8 Nxf1 35. Kxf1 Bd5 36. Be7 e5 37. Kf2 f6 38. Bc5 Bc4 39. Ke3 Kf7 40. Nbc1 f5 41. Ne2 Ba1 42. Ba7 Kg6 43. Bb8 Bxd3 44. Kxd3 Kh5 45. Ng1 e4+ 46. Ke3 Kxh4 47. Kf4 g6 48. Ba7 Bc3 0-1

[Event "IECG CM.2001.0.00135"]
[Site "IECG email"]
[Date "2001.03.15"]
[Round "?"]
[White "Richards, Mike"]
[Black "Parisi, Cosimo"]
[Result "1-0"]
[WhiteElo "2205"]
[BlackElo "2219"]
[PlyCount "23"]
[EventDate "2001.03.15"]
[EventType "tourn (corr)"]
[EventRounds "6"]
[SourceTitle "Corr 2008"]
[Source "ChessBase"]
[SourceDate "2008.06.24"]
[SourceVersion "1"]
[SourceVersionDate "2008.06.24"]
[SourceQuality "1"]

1. d4 e5 2. dxe5 Nc6 3. Nf3 Qe7 4. g3 Nxe5 5. Bg2 Nf6 6. 0-0 d6 7. c4 c6 8. b3 Bd7 9. Bb2 0-0-0 10. Qd2 Nxf3+ 11. exf3 Kb8 12. Re1 1-0

[Event "IECG CM.2000.0.00123"]
[Site "IECG email"]
[Date "2000.11.30"]
[Round "?"]
[White "Fabiani, Juan AG"]
[Black "Richards, Mike"]
[Result "1-0"]
[WhiteElo "2260"]
[BlackElo "2205"]
[PlyCount "49"]
[EventDate "2000.11.30"]
[EventType "tourn (corr)"]
[EventRounds "6"]
[SourceTitle "Corr 2008"]
[Source "ChessBase"]
[SourceDate "2008.06.24"]
[SourceVersion "1"]
[SourceVersionDate "2008.06.24"]
[SourceQuality "1"]

1. d4 f5 2. Bf4 Nf6 3. e3 e6 4. a3 d6 5. c4 a5 6. Nc3 g6 7. Be2 Bg7 8. h4 Qe7 9. h5 e5 10. Bg5 c6 11. Nf3 Nbd7 12. Qc2 Qf7 13. hxg6 hxg6 14. Rxh8+ Bxh8 15. 0-0-0 e4 16. Nd2 Nf8 17. d5 Bd7 18. Qb3 Bc8 19. c5 Nxd5 20. Nc4 Be5 21. Nxd5 cxd5 22. Rxd5 Qxd5 23. Nxd6+ Qxd6 24. cxd6 Bd7 25. Be7 1-0

[Event "IECG CM.2000.0.00123"]
[Site "IECG email"]
[Date "2000.11.30"]
[Round "?"]
[White "Richards, Mike"]
[Black "Ingersol, Harry"]
[Result "0-1"]
[WhiteElo "2205"]
[BlackElo "2280"]
[PlyCount "112"]
[EventDate "2000.11.30"]
[EventType "tourn (corr)"]
[EventRounds "6"]
[SourceTitle "Corr 2008"]
[Source "ChessBase"]
[SourceDate "2008.06.24"]
[SourceVersion "1"]
[SourceVersionDate "2008.06.24"]
[SourceQuality "1"]

1. d4 Nf6 2. c4 g6 3. Nc3 d5 4. Nf3 Bg7 5. Bg5 Ne4 6. cxd5 Nxg5 7. Nxg5 e6 8. Nf3 exd5 9. e3 a5 10. Bd3 0-0 11. Qc2 c6 12. 0-0 Bg4 13. Ne5 Bxe5 14. dxe5 Nd7 15. h3 Be6 16. f4 Nc5 17. Ne2 Nxd3 18. Qxd3 f6 19. Nd4 Re8 20. Nf3 fxe5 21. Nxe5 Bf5 22. Qd4 Rf8 23. Rac1 Be4 24. a3 Qh4 25. Kh2 Qe7 26. Rf2 a4 27. Rd2 Bf5 28. Qc5 Rfe8 29. Qxe7 Rxe7 30. Kg3 Kg7 31. Kf2 Kf6 32. Nf3 h5 33. Rd4 Ra6 34. Ne5 Be4 35. g3 Rb6 36. Rb4 Rxb4 37. axb4 g5 38. Rc5 Ke6 39. Ra5 gxf4 40. exf4 Bc2 41. Ra8 Rh7 42. Ke3 Kd6 43. Kd4 Bf5 44. g4 hxg4 45. hxg4 Be6 46. g5 Rh2 47. Rxa4 Rd2+ 48. Nd3 Bf5 49. Ra3 Re2 50. Nc5 b6 51. Nb7+ Kc7 52. Re3 Rxe3 53. Kxe3 Kxb7 54. Kd4 Ka6 55. Ke5 Bc2 56. f5 d4 0-1

[Event "IECG CM.2000.0.00118"]
[Site "IECG email"]
[Date "2000.09.17"]
[Round "?"]
[White "Richards, Mike"]
[Black "Edighoffer, Harold H"]
[Result "0-1"]
[WhiteElo "2205"]
[BlackElo "2322"]
[PlyCount "66"]
[EventDate "2000.09.17"]
[EventType "tourn (corr)"]
[EventRounds "6"]
[SourceTitle "Corr 2008"]
[Source "ChessBase"]
[SourceDate "2008.06.24"]
[SourceVersion "1"]
[SourceVersionDate "2008.06.24"]
[SourceQuality "1"]

1. d4 d5 2. c4 dxc4 3. Nf3 Bf5 4. Nc3 Nf6 5. e3 e6 6. Bxc4 a6 7. a4 Be7 8. 0-0 Nc6 9. h3 Bg6 10. Qe2 0-0 11. Rd1 Bb4 12. Nh4 Bh5 13. g4 Bxc3 14. bxc3 Ne4 15. Ng2 Nxc3 16. Qd3 Nxd1 17. gxh5 Nxf2 18. Kxf2 Qf6+ 19. Kg1 Qf3 20. h6 Qxh3 21. hxg7 Rfd8 22. Qe4 Qh6 23. Nf4 e5 24. Nd5 Qxg7+ 25. Kf1 Kh8 26. Ke2 exd4 27. Rb1 Re8 28. Qf4 Ne5 29. Qxd4 Qg2+ 30. Kd1 c5 31. Qf4 Nxc4 32. Qf6+ Kg8 33. Ne7+ Kf8 0-1

[Event "IECG QM.2000.0.00027 email"]
[Site "IECG email"]
[Date "2000.??.??"]
[Round "?"]
[White "Costa, Paulo Cesar"]
[Black "Richards, Mike"]
[Result "1-0"]
[WhiteElo "2235"]
[BlackElo "2205"]
[PlyCount "97"]
[EventDate "2000.05.03"]
[EventType "tourn (corr)"]
[EventRounds "6"]
[SourceTitle "Corr 2008"]
[Source "ChessBase"]
[SourceDate "2008.06.24"]
[SourceVersion "1"]
[SourceVersionDate "2008.06.24"]
[SourceQuality "1"]

1. d4 Nf6 2. c4 d6 3. Nc3 Nbd7 4. Nf3 e5 5. e4 Be7 6. Be2 0-0 7. 0-0 c6 8. Qc2 a6 9. Rd1 Qc7 10. Bg5 h6 11. Bh4 Re8 12. Rac1 Nf8 13. c5 dxc5 14. Bg3 cxd4 15. Bxe5 Qa5 16. Bxd4 Be6 17. a3 Ng6 18. Rd2 Rac8 19. Rcd1 Nf4 20. Be5 Nxe2+ 21. Nxe2 c5 22. Nf4 b5 23. Nxe6 fxe6 24. Bxf6 gxf6 25. Rd7 Rcd8 26. e5 f5 27. g4 Qa4 28. Qxa4 bxa4 29. gxf5 exf5 30. Kf1 Kf7 31. R1d6 Rxd7 32. Rxd7 Rb8 33. Rd2 c4 34. Rc2 c3 35. Rxc3 Rxb2 36. Nd4 f4 37. Rf3 Ke8 38. Nf5 Rb3 39. Rxf4 Rxa3 40. e6 Ra2 41. Ng7+ Kd8 42. Rd4+ Kc8 43. Nf5 Bc5 44. e7 Bxe7 45. Nxe7+ Kb7 46. Rd7+ Kb6 47. Rd6+ Kb5 48. Rxh6 a5 49. Rh5+ 1-0